| 000 | 01668cam a22003611i 4500 | ||
|---|---|---|---|
| 003 | SA-RiAUC | ||
| 005 | 20250701081814.0 | ||
| 008 | 250623s1983 iq g 000 0 ara c | ||
| 040 |
_aJO-AmWISE _bara _cSA-RiAUC _erda |
||
| 050 | 0 | 0 | _bI2672. 1983 |
| 082 | 0 | 4 |
_a250 _qSA-RiAUC |
| 090 |
_a250 _b ا ب ن ق |
||
| 100 | 1 |
_aابن قطلوبغا، قاسم بن قطلوبغا، _d802-879 هجري _eمؤلف. |
|
| 245 | 1 | 0 |
_aكتاب موجبات الأحكام وواقعات الأيام / _cقاسم بن قطلوبغا الحنفي ؛ تحقيق محمد سعود المعيني. |
| 246 | 3 | 0 | _aموجبات الأحكام وواقعات الأيام |
| 250 | _aالطبعة الأولى. | ||
| 264 | 1 |
_a[مكان النشر غير محدد] : _b[الناشر غير محدد]، _c1983 |
|
| 264 | 3 |
_aبغداد : _bمطبعة الإرشاد |
|
| 300 |
_a591 صفحة ؛ _c24 سم |
||
| 336 |
_aنص _btxt _2rdacontent _3كتاب |
||
| 337 |
_aبدون وسيط _bn _2rdamedia |
||
| 338 |
_aمجلد _bnc _2rdacarrier |
||
| 490 | 0 |
_aإحياء التراث الإسلامي ؛ _v48 |
|
| 650 | 7 |
_aالفقه الإسلامي _2aucsh |
|
| 650 | 7 |
_aالأحكام الشرعية _2aucsh |
|
| 650 | 7 |
_aالفقه الحنفي _2aucsh |
|
| 650 | 7 |
_aالقضاء في الإسلام _2aucsh |
|
| 650 | 7 |
_aالمعاملات (فقه إسلامي) _2aucsh |
|
| 700 | 1 | 2 |
_iتحقيق لـ : _aابن قطلوبغا، قاسم بن قطلوبغا، _d802-879 هجري. _tموجبات الأحكام وواقعات الأيام |
| 700 | 1 |
_aالمعيني، محمد سعود _eمحقق. |
|
| 942 |
_2ddc _cBOOK _n0 |
||
| 949 |
_aSA-JeALM _d250623 _umohamedma123 _n1 |
||
| 999 |
_c9354 _d9354 |
||